MEDICAL MICROBIOLOGY (Record no. 216740)

MARC details
000 -LEADER
fixed length control field 00491nam a22001817a 4500
008 - FIXED-LENGTH DATA ELEMENTS--GENERAL INFORMATION
fixed length control field 260303b |||||||| |||| 00| 0 eng d
020 ## - INTERNATIONAL STANDARD BOOK NUMBER
International Standard Book Number 978-0-443-26133-6
100 ## - MAIN ENTRY--PERSONAL NAME
Personal name MURRAY PATRICK R.
245 ## - TITLE STATEMENT
Title MEDICAL MICROBIOLOGY
250 ## - EDITION STATEMENT
Edition statement 10TH EDITION
260 ## - PUBLICATION, DISTRIBUTION, ETC.
Place of publication, distribution, etc. PHILADELPHIA
Name of publisher, distributor, etc. ELSEVIER
Date of publication, distribution, etc. 2026
300 ## - PHYSICAL DESCRIPTION
Extent XI,882P.
500 ## - GENERAL NOTE
General note INCLUDES AN INDEX
650 ## - SUBJECT ADDED ENTRY
Topical term or geographic name entry element MEDICAL MICROBIOLOGY
700 ## - ADDED ENTRY--PERSONAL NAME
Personal name KEN S. ROSENTHAL, MICHAEL A. PFALLER
942 ## - ADDED ENTRY ELEMENTS (KOHA)
Source of classification or shelving scheme Library of Congress Classification
Koha item type Long Loan Book
Holdings
Withdrawn status Lost status Source of classification or shelving scheme Damaged status Not for loan Collection Home library Current library Shelving location Date acquired Inventory number Total checkouts Full call number Barcode Date last seen Copy number Price effective from Koha item type
    Library of Congress Classification     Medicine Kisii University Library Kisii University Library On Display 03/03/2026 111135   QR 46 .M87 2026 a000206 03/03/2026 C.1 03/03/2026 Long Loan Book
    Library of Congress Classification     Medicine Kisii University Library Kisii University Library On Display 03/03/2026 111136   QR 46 .M87 2026 a000205 03/03/2026 C.2 03/03/2026 Long Loan Book
    Library of Congress Classification     Medicine Kisii University Library Kisii University Library On Display 03/03/2026 111137   QR 46 .M87 2026 a000204 03/03/2026 C.3 03/03/2026 Long Loan Book